000 00298nam a22001337a 4500
008 170303b xxu||||| |||| 00| 0 eng d
020 _a9780071471831
041 _aeng
080 _23rd
_a575
100 _a6
101 _aSHM
245 _aBIOCHEMISTRY AND GENETICS
_cWILSON, G.N
942 _2udc
_cBK
999 _c6719
_d6719